1366 1441 1956 1600 1423 1566 1838 1980 1100 1790 1021 1487 1100 1390 1314 1835 1649 1603 1273 1364 1155 1160 1025 1705 1554 1323 1776 1891 1624 1789 1916 1618 1900 1169 1424 1870 1462 1573 1170 1614 1772 1299 1747 1424 1471 1308 1837 1951 1147 1911 1653 1151 1810 1603 1001 1704 1152 1321 1192 1269 1960 1049 1504 1533 1120 1223 1223 1888 1099 1013 1707 1876 1721 1758 1943 1577 1604 1698 1627 1759 1674 1520 1357 1931 1898 1558 1662 1463 1629 1295 1248 1474 1500 1961 1402 1874 1701 1973 1801 BCNSPRNW ULIB Ver.6.0+V

เปลี่ยนเป็นภาษาไทย

Change to English
 แสดงรายละเอียดบรรณานุกรม
  กลับหน้าหลัก

Brief Record : Get Marc (ISO 2709) : E-mail record : QR code < ปิดหน้าต่าง
LEADER : 00000nam 2200000uu 4500
001    13399112918
003     ULIB
008    110919s2552||||th 000 0 tha d
020    9786160600304
090    นว.^bฉ512ป
100 0  เฉียวอัน
245 00 ประกายรัก/^cเฉียวอัน
250    พิมพ์ครั้งที่ 1
260    กรุงเทพฯ :^bแจ่มใส,^c2552
300    209 หน้า
710 1  แจ่มใส
945    ^p149^l0^i16296
995    กัณชพร
999     ^aใช้งานได้ทุกระบบ
รายการนี้ยังไม่มีแท็ก
คุณยังไม่ได้ล็อกอิน คุณสามารถมีกิจกรรมร่วมกับเว็บไซต์ได้ แต่ต้องล็อกอินก่อน ::
  ล็อกอิน

รายการสื่อสารสนเทศ

ลำดับที่ ประเภท เลขเรียก/บาร์โค้ด สถานที่ สถานะ
1. นวนิยาย
นวนิยาย
นว. ฉ512ป  
  Barcode: 16296
ห้องสมุดวิทยาเขตสวรรค์ประชารักษ์
►นวนิยาย
บนชั้น
  ขอยืม

รายการใกล้เคียง
    ผู้แต่ง [เฉียวอัน]

BibComment


ยังไม่เคยถูกคอมเมนท์

คอมเมนท์ทรัพยากรรายการนี้
  คอมเมนท์: ประกายรัก เฉียวอัน


 Copyright 2026. Bcnsprnw @Library